| 000 | 01866nam a2200241Ia 4500 | ||
|---|---|---|---|
| 008 | 260220t9999||||xx |||||||||||||| ||spa|| | ||
| 040 |
_aPY-SlUNAC _bspa _erda |
||
| 041 | _aspa | ||
| 082 |
_a513 _bP293a |
||
| 100 |
_aPastor, Julio Rey _eAutor |
||
| 245 | 0 |
_aAdición y sustracción de números naturales / _cpor Julio Rey Pastor [Autor] |
|
| 264 |
_a[Lugar de publicación no identificado] : _b[Editorial no identificada], _c[Fecha de publicación no identificada]. |
||
| 300 | _a1 volumen | ||
| 520 | _aEl libro "Adición y sustracción de números naturales" de Julio Rey Pastor se centra en la enseñanza y comprensión de las operaciones aritméticas básicas, particularmente en el contexto de los números naturales. A través de un enfoque didáctico, el autor presenta conceptos fundamentales que permiten a los estudiantes desarrollar habilidades matemáticas esenciales. Se exploran estrategias para realizar adiciones y sustracciones de manera eficiente, incluyendo técnicas visuales y manipulativas que facilitan el aprendizaje. Además, Pastor destaca la importancia de la práctica y la repetición en la adquisición de estos conocimientos, sugiriendo ejercicios y problemas que los alumnos pueden resolver. El texto también aborda errores comunes y conceptos erróneos que pueden surgir durante el proceso de aprendizaje, brindando orientaciones para superarlos. En conjunto, esta obra se convierte en una herramienta valiosa para educadores y estudiantes en el ámbito de la educación primaria, sentando las bases para el desarrollo de habilidades matemáticas más avanzadas en el futuro. | ||
| 653 | _aAritmética | ||
| 653 | _aMatemáticas | ||
| 653 | _aNúmeros | ||
| 942 |
_b2026/02/17 _cBK |
||
| 999 |
_c7515 _d7515 |
||